000 00562cam a22002291 4500
001 sa 67005732
003 DLC
005 20260227112400.0
008 950208s1966 ii 000 0 malo
010 _asa 67005732
025 _aPL480:I-Mal-944
035 _a(OCoLC)31955855
040 _aDLC
_cCU
_dCU
_dDLC
042 _apremarc
050 0 0 _aPL4718.9.V27
_bT5
100 1 _aVarier, V. S.,
_d1935-
245 1 0 _aTiramālakaḷ.
260 _c[1966]
300 _a2, ii, 197 p.
_c18 cm.
500 _aIn Malayalam.
500 _aAdded t. p. in English.
999 _c75405
_d75405